000 00985 a2200229 4500
001 27637
005 20260407155550.0
008 260407a1999 arg spa d
003 AR-UNSa-BCEJYS
040 _aAR-UNSa-BCEJYS
_bspa
_cAR-UNSa-BCEJYS
080 _a347.952.1
_xEjecución sobre los bienes muebles. Incautación, embargo
245 1 0 _aEjecución hipotecaria
020 _a950-20-1219-4
264 1 _aBuenos Aires :
_bAbeledo Perrot
_c1999
300 _a311 p.
_c23 cm.
505 _a1. Introducción. Panorama actual - 2. Régimen de la hipoteca en el Código Civil - 3. Ejecución Judicial de la hipoteca - 4. Excepciones admisibles - 5. Ejecución contra el tercer poseedor - 6. Cumplimiento de la sentencia de remate - 7. Ejecución extrajudicial
041 _aspa
942 _cBK
590 _aniveau_biblio:m niveau_hierar:0
100 1 _aAbrevaya, Alejandra Débora
856 4 1 _uhttps://170.210.207.44/pmb/images/libros/L119975.jpg
_yImagen de portada
_qimage/jpeg
999 _c1612
_d1612